<?xml version="1.0" encoding="UTF-8"?>
<record
    xmlns:xsi="http://www.w3.org/2001/XMLSchema-instance"
    xsi:schemaLocation="http://www.loc.gov/MARC21/slim http://www.loc.gov/standards/marcxml/schema/MARC21slim.xsd"
    xmlns="http://www.loc.gov/MARC21/slim">

  <leader>00502nam a22001697a 4500</leader>
  <controlfield tag="005">20250812151812.0</controlfield>
  <controlfield tag="008">250812b        |||||||| |||| 00| 0 eng d</controlfield>
  <datafield tag="020" ind1=" " ind2=" ">
    <subfield code="a">9789352779390</subfield>
  </datafield>
  <datafield tag="041" ind1=" " ind2=" ">
    <subfield code="a">Eng.</subfield>
  </datafield>
  <datafield tag="082" ind1=" " ind2=" ">
    <subfield code="a">332.0240 HAL</subfield>
  </datafield>
  <datafield tag="100" ind1=" " ind2=" ">
    <subfield code="a">Halan, Monika </subfield>
  </datafield>
  <datafield tag="245" ind1=" " ind2=" ">
    <subfield code="a">Lets Talk Money: You've Worked Hard for It Now Make It Work for You</subfield>
  </datafield>
  <datafield tag="260" ind1=" " ind2=" ">
    <subfield code="a">Gurugram</subfield>
    <subfield code="b">Happer Collin</subfield>
  </datafield>
  <datafield tag="300" ind1=" " ind2=" ">
    <subfield code="a">217;. p. 21 cm</subfield>
  </datafield>
  <datafield tag="650" ind1=" " ind2=" ">
    <subfield code="a">Money-Psychological aspects; Personal Finance; Money Management</subfield>
  </datafield>
  <datafield tag="942" ind1=" " ind2=" ">
    <subfield code="c">BK</subfield>
  </datafield>
  <datafield tag="999" ind1=" " ind2=" ">
    <subfield code="c">46466</subfield>
    <subfield code="d">46466</subfield>
  </datafield>
  <datafield tag="952" ind1=" " ind2=" ">
    <subfield code="0">0</subfield>
    <subfield code="1">0</subfield>
    <subfield code="2">ddc</subfield>
    <subfield code="4">0</subfield>
    <subfield code="7">0</subfield>
    <subfield code="a">IMTN</subfield>
    <subfield code="b">IMTN</subfield>
    <subfield code="c">Rack 9-B</subfield>
    <subfield code="d">2025-08-12</subfield>
    <subfield code="e">Domestic Dep. SHA Store </subfield>
    <subfield code="g">399.00</subfield>
    <subfield code="i">49011010</subfield>
    <subfield code="l">3</subfield>
    <subfield code="m">1</subfield>
    <subfield code="o">332.0240 HAL</subfield>
    <subfield code="p">33936</subfield>
    <subfield code="r">2025-10-14 00:00:00</subfield>
    <subfield code="s">2025-10-04</subfield>
    <subfield code="w">2025-08-01</subfield>
    <subfield code="y">BK</subfield>
    <subfield code="z">Faculty Purchase by Dr. Jasbir Singh Matharu</subfield>
  </datafield>
</record>
